00436 2200169 4500001002100000005001500021035001900036245005100055100001800106300003600124260003900160082000700199084001300206020002100219990001300240990001300253INLIS00000000000067420220113092900$a 0010-0122000008$a Komik Next G: Bact to Masjid /$c Muhammad irfan$a Muhammad irfan$a 96 hlm : $b ilust ; $c 14.5 x cm$a Bandung :$b Muffin graphics,$c 2021$a 813$a 813 MUH k$a 978-602-367-878-5$a 0312/2021$a 0313/2021